000 00452nam a22001817a 4500
003 koha_MIRAKIL
005 20231213095958.0
008 231213b |||||||| |||| 00| 0 ||| d
020 _b978-6-05-432265-7
040 _aTR-IsEVY
_btur
_cTR-IsEVY
082 _a813.42 ÇOK/A
100 _aÇokum, Sevinç.
245 0 _aAğustos başağı
_broman
250 _a6. bs.
260 _bKapı Yayınları,
_c2011
300 _a404 s.
942 _2ddc
_cBK
999 _c12537
_d12537